000 01720nam0a2200421 4500
001 RU\NLR\bibl\385756
005 20260406094312.0
010 _a5-89147-006-3
021 _aRU
_b2003-4597
_9212
035 _a(NLR Aleph) 000380122
090 _a450272
_c450272
100 _a20030317d2002 |||y0rusy50 ca
101 0 _arus
102 _aRU
105 _ac |||||||||
200 1 _aКоменский
_e[Избр. соч.]
_fСост. и авт. предисл. Чечель И. Д.
205 _a[Переизд.]
210 _aМ.
_cАмонашвили
_cМоск. гор. пед. ун-т
_d2002
215 _a223 с.
_cпортр.
_d21
225 1 _aАнтология гуманной педагогики
320 _aБиблиогр. указ. изд. произведений Я. А. Коменского: с. 220-222
600 1 _aКоменский
_bЯ.А.
_f1592 - 1670
_gЯн Амос
_xПедагогические взгляды
_91356161
_3RU\NLR\auth\66566921
610 0 _aПедагогика в Чехии - История
610 0 _aЧешская философия - История
675 _a371(437)(092)
_v3
_zrus
686 _a14
_2rugasnti
686 _a74.03
_2rubbk
686 _aЧ30я44-Коменский
686 _aЧ33(4Че)42-271
700 1 _4070
_8rus
_7ca
_aКоменский
_bЯ. А.
_f1592-1670
_gЯн Амос
_3RU\NLR\auth\7768663
_951591
702 1 _4220
_aЧечель
_bИ. Д.
_cд-р пед. наук
_f1943-
_gИрина Дмитриевна
_9167798
_3RU\NLR\AUTH\770167846
801 0 _aRU
_bRKP
_c20030317
_gPSBO
801 1 _aRU
_bRKP
_c20030317
801 2 _aRU
_bNLR
_c20080923
_grcr
942 _cBOOK
980 _aNB